000 00318nam a22001457a 4500
999 _c9208
_d9208
003 OSt
008 201119b ||||| |||| 00| 0 eng d
100 _aShukla, M.C
245 _aAdvanced Accounts
250 _aRep
260 _aNew Delhi
_bS.Chand
_c2020
300 _aMisc
650 _aB.Com. Hons
942 _2ddc
_cBK